00646nam a22002057a 450000500170000001000130001702000220003003500130005203700160006504000120008108200130009310000240010624501020013026000470023227000630027930000200034250000410036265000230040365000140042620170124110043.0 aA-389619 c00.00a8185047448 aA-389619 bCen Lib/Ret aDPLbEN a808bRAM aRamachandra, Ragini aIndian literary criticism :cby Ragini Ramachandraban enquiry into its vitality and continuity / aNew DelhibReliance Publishing Housec1989 bNew DelhiaA-86/3, Ist Floor, Majlis Park, Azadpure110033 a250p.c20cm(Hb) aIncludes bibliographical references  aCriticism -- India aCriticism